A vállalkozás leltárainak, leltározási tevékenységének és a tulajdon védelmének ellenőrzése

Bibliográfiai részletek
Szerző: Szalay Karol
További közreműködők: Bán Dr. Erika
Bertalan Szilvia
Dokumentumtípus: Záródolgozat
Kulcsszavak:Leltár - Leltározás
Készletek
Tárgyi Eszközök
Online Access:http://dolgozattar.uni-bge.hu/19713

MARC

LEADER 00000nta a2200000 i 4500
001 dolg19713
005 20181217084210.0
008 181217suuuu hu o 000 hun d
040 |a BGE Dolgozattár Repozitórium  |b hun 
041 |a hu 
100 1 |a Szalay Karol 
245 1 2 |a A vállalkozás leltárainak, leltározási tevékenységének és a tulajdon védelmének ellenőrzése  |c Szalay Karol  |h [elektronikus dokumentum] 
516 |a Final_paper 
695 |a Leltár - Leltározás 
695 |a Készletek 
695 |a Tárgyi Eszközök 
700 1 |a Bán Dr. Erika  |e ths 
700 1 |a Bertalan Szilvia  |e ths 
856 4 0 |u http://dolgozattar.uni-bge.hu/19713/1/Szalay%20Karol_%20Szakdolgozat.pdf  |z Dokumentum-elérés 
856 4 0 |u http://dolgozattar.uni-bge.hu/19713/2/Szalay%20Karol%20Nyilatkozat.pdf  |z Dokumentum-elérés 
856 4 0 |u http://dolgozattar.uni-bge.hu/19713/3/Szalay%20Karol%20Titkos%C3%ADt%C3%A1s.pdf  |z Dokumentum-elérés